000
00244nam a2200097Ia 4500
001
766509
005
20250826165342.0
008
250824s9999 xx 000 0 und d
245
0
_a
BİTMEYEN YOLCULUK
_c
ALİ ÜNLÜ
260
_b
ATLIKARINCA YAYINLARI
999
_c
766509
_d
766509